| Tag |
First Indicator |
Second Indicator |
Subfields |
| LEADER |
00000cam a2200000 a 4500 |
| 001 |
in00001402447 |
| 005 |
20151020055357.0 |
| 008 |
970115s1997 mdub bd 000 0 eng |
| 010 |
|
|
|a 97002136
|
| 020 |
|
|
|a 081083300X (cloth : alk. paper)
|
| 035 |
|
|
|a (OCoLC)36284023
|
| 035 |
|
|
|9 AHN4318AM
|
| 040 |
|
|
|a DLC
|c DLC
|d TXA
|d UtOrBLW
|
| 043 |
|
|
|a e-ie---
|
| 049 |
|
|
|a TXAM
|
| 050 |
0 |
0 |
|a DA910
|b .T39 1997
|
| 082 |
0 |
0 |
|a 941.5/003
|2 21
|
| 100 |
1 |
|
|a Thomas, Colin,
|d 1939-
|
| 245 |
1 |
0 |
|a Historical dictionary of Ireland /
|c Colin Thomas, Avril Thomas.
|
| 264 |
|
1 |
|a Lanham, Md. :
|b Scarecrow Press,
|c 1997.
|
| 300 |
|
|
|a xliv, 263 pages :
|b maps ;
|c 23 cm.
|
| 336 |
|
|
|a text
|b txt
|2 rdacontent
|
| 337 |
|
|
|a unmediated
|b n
|2 rdamedia
|
| 338 |
|
|
|a volume
|b nc
|2 rdacarrier
|
| 490 |
1 |
|
|a European historical dictionaries ;
|v no. 20
|
| 504 |
|
|
|a Includes bibliographical references (pages 207-262).
|
| 651 |
|
0 |
|a Ireland
|x History
|x Dictionaries.
|
| 651 |
|
0 |
|a Ireland
|x Chronology.
|
| 700 |
1 |
|
|a Thomas, Avril.
|
| 830 |
|
0 |
|a European historical dictionaries ;
|v no. 20.
|
| 948 |
|
|
|a c:blr
|
| 999 |
|
|
|a MARS
|
| 999 |
f |
f |
|s 11a60e62-f797-394d-9ce9-e38ad4498e14
|i 50029f95-2bfe-341b-8a79-cf29d2e93b22
|t 0
|
| 952 |
f |
f |
|p ric
|a Texas A&M University
|b Rellis Campus
|c Joint Library Facility
|d Remote Storage
|t 0
|e DA910 .T39 1997
|h Library of Congress classification
|i unmediated -- volume
|m A14822475278
|
| 998 |
f |
f |
|a DA910 .T39 1997
|t 0
|l Remote Storage
|